Desarrollo de un sistema web para la matrícula y registro de notas del Colegio Cristiano Verbo ubicado en Veracruz, Masaya (IMARECV)
Presenta el desarrollo de un sistema web para la matrícula y registro de notas para el Colegio Verbo Veracruz, se propone desarrollar un sistema web que permita llevar un control preciso del registro académico de los estudiantes.
| Main Authors: | , |
|---|---|
| Other Authors: | |
| Format: | Tesis Section = Libro |
| Language: | Undetermined Spanish |
| Published: |
Managua
UNI
2020
|
| Subjects: |
| LEADER | 01155nam a2200277Ia 4500 | ||
|---|---|---|---|
| 008 | 240830s9999 xx 000 0 und d | ||
| 040 | |a BIBLIOTECA-RUSB/ Mon 005.74 P649 | ||
| 041 | |a spa | ||
| 082 | |a Mon 005.74 P649 | ||
| 100 | 1 | |a Pineda Vásquez, Jekson de Jesús | |
| 100 | 1 | |b Hernández Paz, Fernando José | |
| 245 | 1 | 0 | |a Desarrollo de un sistema web para la matrícula y registro de notas del Colegio Cristiano Verbo ubicado en Veracruz, Masaya (IMARECV) |
| 260 | |a Managua |b UNI |c 2020 | ||
| 300 | |a 71 p. :il. | ||
| 500 | |a Incluye anexos y CD. | ||
| 502 | |a Tesis (Ingeniero en Computación) - UNI, 2020. | ||
| 520 | 3 | |a Presenta el desarrollo de un sistema web para la matrícula y registro de notas para el Colegio Verbo Veracruz, se propone desarrollar un sistema web que permita llevar un control preciso del registro académico de los estudiantes. | |
| 650 | 7 | |a DESARROLLO DE SISTEMA WEB | |
| 650 | 7 | |b REGISTRÓ ACADEMICO | |
| 650 | 7 | |c SISTEMA WEB | |
| 650 | 7 | |d LENGIAJE DE PROGRAMACION | |
| 650 | 7 | |e BASE DE DATOS | |
| 700 | 1 | |a Tutor: |b Sevilla Hernández, Marlovio José | |
| 942 | |c BK |2 ddc | ||
| 991 | |a TESIS | ||
| 999 | |c 22164 | ||